Poems

Saved in:
Bibliographic Details
Main Author: Hurdis, James, 1763-1801.
Format: Book
Language:English
Published: Philadelphia : D. Hannah, 1818.
Series:Early American imprints. no. 44402.
Tags: Add Tag
No Tags, Be the first to tag this record!
LEADER 00999cam a2200253Ii 4500
001 004242596-4
005 20020606095253.2
008 840921s1818 pau b 000 0 eng d
010 |a nuc87551043  
035 0 |a ocm15437616 
040 |a Readex  |c STF  |d m.c.  |d RQM 
043 |a n-us-pa 
050 1 0 |a PR3517  |b .H8 1818 
100 1 |a Hurdis, James,  |d 1763-1801. 
245 1 0 |a Poems  |h [microform] /  |c by the Rev. James Hurdis ... viz.--The village curate, Adriano; or, The first of June, and Tears of affection : to which is added, The bouquet, a collection of scattered pieces, by the same author. 
260 |a Philadelphia :  |b D. Hannah,  |c 1818. 
300 |a 1 p. l., 112, [115]-196 p., 1 l., [205]-245, [249]-269, [1] p. ;  |c 18 cm. 
500 |a Master microform held by: Readex. 
510 4 |a Shaw & Shoemaker,  |c 44402 
752 |a United States  |b Pennsylvania  |d Philadelphia. 
787 1 |w (DLC)14-16008 
830 0 |a Early American imprints.  |n Second series ;  |v no. 44402. 
988 |a 20020608 
906 |0 OCLC